00352 2200157 4500001002100000005001500021035002000036245004100056100001500097250000600112300001100118260003100129082000800160084001400168990001200182INLIS00000000000246520250604105041 a0010-06250000511 aThe Future Of Humanity /cDavid Bohm0 aDavid Bohm a1 a98 hlm aJakarta :bGramedia,c2003 a600 a600 DAV t a0712298